LEADER 01164nam0 22002891i 450 001 UON00268708 005 20231205103747.25 010 $a25-03-41151-7 100 $a20051103d2003 |0itac50 ba 101 $afre 102 $aBE 105 $a|||| ||||| 200 1 $aKerygma Petri. Textus et Commentarius$fCura Michel Cambe 210 $aTurnhout$cBrepols$d2003 215 $axvii, 421 p.$d26 cm 410 1$1001UON00066584$12001 $aCorpus Christianorum. Series Apocryphorum$fCurante Association pour l'étude de la littérature apocryphe chrétienne$v15 606 $aLETTERATURA CRISTIANA APOCRIFA$3UONC057867$2FI 620 $aBE$dTurnhout$3UONL001236 676 $a229.92$cAPOCRIFI DEL NUOVO TESTAMENTO$v21 702 1$aCAMBE$bMichel$3UONV156690 712 $aBrepols$3UONV247627$4650 801 $aIT$bSOL$c20250207$gRICA 899 $aSIBA - SISTEMA BIBLIOTECARIO DI ATENEO$2UONSI 912 $aUON00268708 950 $aSIBA - SISTEMA BIBLIOTECARIO DI ATENEO$dSI VII D b 062 $eSI AA 27562 7 062 996 $aKerygma Petri. Textus et Commentarius$91239887 997 $aUNIOR